00861nam a22002417a 450000100060000000300090000600500170001500800410003202000180007304000280009108200200011910000170013924500800015625000120023626001020024830000490035049000600039950000240045950400510048365000170053465000450055170000230059615967BD-DhUAP20200120143519.02001 r20112006ne a b 001 0 eng d a9788131205358 aUKMcUKMdBD-DhUAPbEng04223a006.312 HAN1 aHan, Jiawei.10aData mining :bconcepts and techniques /cJiawei Han and Micheline Kamber. a2nd ed. aAmsterdam ;aBoston :bElsevier ;aSan Francisco, CA :bMorgan Kaufmann,cc2006 [Reprinted 2011]. axxviii, 770 pages :billustrations ;c25 cm.0 aThe Morgan Kaufmann series in data management systems.  aPrevious ed.: 2000. aIncludes bibliographical references and index. 0aData mining. 6aExploration de données (Informatique).1 aKamber, Micheline.